000
00205nam a22000857a 4500
008
161024b xxu||||| |||| 00| 0 eng d
100
_9
950
_a
Pant
245
_a
Hindi Book (Suno Kahani)
260
_a
New Delhi
_b
2008
999
_c
3606
_d
3606